Candidats à l'élection présidentielle en 2012 - Statistiques

Statistiques générales
  • Ce quiz a été pris 108 fois
  • Le résultat moyen est 8 sur 10
Statistiques - réponses
Parti politique Score (1er tour) Candidat % Correct
Front national 17,90 Marine Le Pen
100%
Parti socialiste 28,63 François Hollande
99%
Front de Gauche 11,10 Jean-Luc Mélenchon
96%
Union pour un mouvement populaire 27,18 Nicolas Sarkozy
94%
Mouvement démocrate 9,13 François Bayrou
83%
Debout la République 1,79 Nicolas Dupont-Aignan
80%
Nouveau Parti anticapitaliste 1,15 Philippe Poutou
79%
Europe Ecologie Les Verts 2,31 Eva Joly
78%
Solidarité et progrès 0,25 Jacques Cheminade
68%
Lutte ouvrière 0,56 Nathalie Arthaud
63%
Aucun quiz correspondant
Distribution des résultats
% des personnes avec chaque résultat
Percentile par nombre de réponses
Votre historique - résultats
Vous n’avez pas pris ce quiz